A Clean Center Kft. növekedési tényezőinek elemzése stratégia függvényében

Bibliográfiai részletek
Szerző: Deák Csaba
További közreműködők: Katz György
Dokumentumtípus: Diplomadolgozat
Kulcsszavak:stratégia
elemzés
növekedés
Clean Center Kft.
KKV
Online Access:http://dolgozattar.uni-bge.hu/7534

MARC

LEADER 00000nta a2200000 i 4500
001 dolg7534
005 20161124141208.0
008 161004suuuu hu om 000 hun d
040 |a BGE Dolgozattár Repozitórium  |b hun 
041 |a hu 
100 1 |a Deák Csaba 
245 1 2 |a A Clean Center Kft. növekedési tényezőinek elemzése stratégia függvényében  |c Deák Csaba  |h [elektronikus dokumentum] 
246 1 1 |a A Clean Center Kft. növekedési tényezőinek elemzése stratégia függvényében 
695 |a stratégia 
695 |a elemzés 
695 |a növekedés 
695 |a Clean Center Kft. 
695 |a KKV 
700 1 |a Katz György  |e ths 
856 4 0 |u http://dolgozattar.uni-bge.hu/7534/2/A%20Clean%20Center%20Kft.%20n%C3%B6veked%C3%A9si%20t%C3%A9nyez%C5%91inek%20elemz%C3%A9se%20strat%C3%A9gia%20f%C3%BCggv%C3%A9ny%C3%A9ben.pdf  |z Dokumentum-elérés